Aveat Heating Ltd v Jerram Falkus Construction Ltd (Record no. 78583)

MARC details
000 -LEADER
fixed length control field 02047cab a22002415a 4500
001 - CONTROL NUMBER
control field L137297
008 - FIXED-LENGTH DATA ELEMENTS--GENERAL INFORMATION
fixed length control field 070328e2007 xxk 000 0 eng d
035 ## - SYSTEM CONTROL NUMBER
System control number (Sirsi) u137297
041 0# - LANGUAGE CODE
Language code of text/sound track or separate title eng
245 00 - TITLE STATEMENT
Title Aveat Heating Ltd v Jerram Falkus Construction Ltd
Medium [electronic resource]
260 ## - PUBLICATION, DISTRIBUTION, ETC.
Date of publication, distribution, etc. 2007
520 ## - SUMMARY, ETC.
Summary, etc. [2007] EWHC 131 (TCC), 1 February 2007. Considered the validity of the adjudication clauses contained within the GC/Works contracts. Claimant (A) was engaged by defendant (J) to carry out works pursuant to a contract that incorporated GC/Works sub-contract conditions. The contract contained a clause that stated the adjudicator's decision would be valid even if issued after the time allowed. A dispute arose, A referred it for adjudication and the adjudicator awarded A the value of its claim plus its costs and expenses. J submitted that the contract clause was not compliant with the Housing Grants, Construction and Regeneration Act 1996 s108(2)(c). A applied to enforce the adjudicator's decision under the 1996 Act. "Held": the adjudicator's main decision was enforced as the adjudication provisions of the Scheme for Construction Contracts (SCC) applied instead of the contract clause. However, the adjudicator's decision regarding the parties' costs was not enforced as under the SCC an adjudicator has no jurisdiction to award a party its costs or expenses.
590 ## - LOCAL NOTE (RLIN)
Local note KA
650 24 - SUBJECT ADDED ENTRY--TOPICAL TERM
Topical term or geographic name entry element AVEAT HEATING LTD V JERRAM FALKUS CONSTRUCTION LTD
650 24 - SUBJECT ADDED ENTRY--TOPICAL TERM
Topical term or geographic name entry element EPPING ELECTRICAL CO LTD V BRIGGS AND FORRESTER (PLUMBING SERVICES) LTD
650 24 - SUBJECT ADDED ENTRY--TOPICAL TERM
Topical term or geographic name entry element GC/WORKS SUBCONTRACT
650 24 - SUBJECT ADDED ENTRY--TOPICAL TERM
Topical term or geographic name entry element HOUSING GRANTS, CONSTRUCTION AND REGENERATION ACT 1996 S108
650 24 - SUBJECT ADDED ENTRY--TOPICAL TERM
Topical term or geographic name entry element SCHEME FOR CONSTRUCTION CONTRACTS
651 #4 - SUBJECT ADDED ENTRY--GEOGRAPHIC NAME
Geographic name England and Wales
Chronological subdivision 1543-
690 ## - LOCAL SUBJECT ADDED ENTRY--TOPICAL TERM (OCLC, RLIN)
Topical term or geographic name as entry element MANAGEMENT-DISPUTE AVOIDANCE, MANAGEMENT AND RESOLUTION-DISPUTE MANAGEMENT AND RESOLUTION-ALTERNATIVE DISPUTE RESOLUTION-ADJUDICATION
856 48 - ELECTRONIC LOCATION AND ACCESS
Uniform Resource Identifier <a href="https://www.bailii.org/ew/cases/EWHC/TCC/2007/131.html">https://www.bailii.org/ew/cases/EWHC/TCC/2007/131.html</a>
Public note View the judgment free of charge at www.bailii.org...
942 ## - ADDED ENTRY ELEMENTS (KOHA)
Suppress in OPAC 0
Holdings
Withdrawn status Lost status Source of classification or shelving scheme Damaged status Not for loan Home library Current library Shelving location Date acquired Total Checkouts Full call number Barcode Date last seen Copy number Price effective from Koha item type
    Dewey Decimal Classification     Virtual Virtual Online 28/03/2007   ONLINE PUBLICATION 137297-2001 06/08/2019 1 06/08/2019 Law report